|
|
|
|
| LEADER |
01338nkm a2200373 a 4500 |
| 001 |
000977704 |
| 003 |
CZ BrMZK |
| 005 |
20091216142128.0 |
| 007 |
kf co |
| 008 |
091113s2009 xr nnn kncze |
| 020 |
|
|
|a 978-80-7021-969-0
|q (skládanka)
|
| 040 |
|
|
|a BOA001
|b cze
|
| 072 |
|
7 |
|a 821-93
|x Literatura pro děti a mládež (beletrie)
|2 Konspekt
|9 26
|
| 072 |
|
7 |
|a 821.162.3-1
|x Česká poezie
|2 Konspekt
|9 25
|
| 080 |
|
|
|a 821-93
|2 MRF
|
| 080 |
|
|
|a 821.162.3-1
|2 MRF
|
| 080 |
|
|
|a (0:82-1)
|2 MRF
|
| 080 |
|
|
|a (084.11)
|2 MRF
|
| 100 |
1 |
|
|a Kudláček, Jan,
|d 1928-2017
|7 jk01070650
|4 ill
|
| 245 |
1 |
0 |
|a Lidový vánoční betlém
|h [grafika] /
|c Jan Kudláček
|
| 260 |
|
|
|a Praha :
|b Vyšehrad,
|c [2009]
|
| 300 |
|
|
|a [8] obrazových stran, [1] obrazový list :
|b barev. ;
|c 34 x 24 cm
|
| 500 |
|
|
|a Text Jiřina Rákosníková
|
| 500 |
|
|
|a Betlém obsahuje prostorové obrázky
|
| 655 |
|
7 |
|a česká poezie
|7 fd133958
|2 czenas
|
| 655 |
|
7 |
|a publikace pro děti
|7 fd133156
|2 czenas
|
| 655 |
|
7 |
|a obrazové publikace
|7 fd132947
|2 czenas
|
| 655 |
|
9 |
|a Czech poetry
|2 eczenas
|
| 655 |
|
9 |
|a children’s literature
|2 eczenas
|
| 655 |
|
9 |
|a pictorial works
|2 eczenas
|
| 910 |
2 |
|
|a BOA001
|b 4-1233.193
|
| 990 |
|
|
|a GP
|
| 991 |
|
|
|b 200912
|
| 996 |
6 |
|
|b 2610396249
|c 4-1233.193
|l MZK
|r Sklad / do 1 hodiny
|n 0
|p p.v.
|w 000977704
|u 000010
|a 1
|e BOA001
|j MZK50
|s P
|